000 00311nam a22001457a 4500
008 231011b ||||| |||| 00| 0 eng d
020 _a9789951003322
041 _ashqip
080 _a34
082 _a34GAS
100 _a32
101 _aJURE
245 _aKRIMI I ORGANIZUAR
_cGASHI .R
942 _2udc
_cBK
999 _c60427
_d60427